000 00459nam a2200193Ia 4500
005 20250423095453.0
008 250422s9999 xx 000 0 und d
020 _a9788120338197
050 _aQA 76.758 .M/
100 _aMall, Rajib
245 0 _aFundamentals of software engineering
250 _a3rd ed.
260 _aNew Delhi
260 _bPHI Learning private LTD
260 _c2009
300 _a441 p
650 _aEngineering
942 _cBK
999 _c30376
_d30376